[Event "Canadian op"]
[Site "Edmonton"]
[Date "2005.07.13"]
[Round "6"]
[White "Harrop, Breagan"]
[Black "Masson, Richard"]
[Result "0-1"]
[WhiteElo "1568"]
[BlackElo "1712"]
[PlyCount "74"]
[EventDate "2005.07.09"]
[EventType "swiss"]
[EventRounds "10"]
[EventCountry "CAN"]
[SourceTitle "CBM 107 Extra"]
[Source "ChessBase"]
[SourceDate "2005.09.01"]
[SourceVersion "1"]
[SourceVersionDate "2005.09.01"]
[SourceQuality "1"]

1. c4 Nf6 2. g3 g6 3. b3 d5 4. Bg2 Bg7 5. Bb2 dxc4 6. bxc4 0-0 7. d3 c5 8. Nf3 Nc6 9. Ne5 Nd4 10. Bxd4 Qxd4 11. Nf3 Qxa1 12. Qb3 Nd7 13. 0-0 Qb2 14. Nbd2 Qxb3 15. axb3 Ne5 16. Ng5 h6 17. Nge4 Nd7 18. Ra1 Bxa1 19. f3 b6 20. f4 Rb8 21. Kf2 Bb7 22. h3 Nf6 23. Nxf6+ Bxf6 24. e4 Bc3 25. Nf1 Rfd8 26. Ke3 Rd7 27. Nh2 f5 28. Bf1 fxe4 29. dxe4 Rbd8 30. Ng4 Kg7 31. f5 gxf5 32. exf5 Bd2+ 33. Ke2 Bc1 34. Ne5 Rd2+ 35. Ke1 Rd1+ 36. Ke2 R8d2+ 37. Ke3 Ra2# 0-1